Guess the NBA Team by their Legend - Statistics

General Stats
  • This quiz has been taken 62 times
  • The average score is 27 of 30
Answer Stats
Hint Answer % Correct
Michael Jordan Chicago Bulls
100%
LeBron James Cleveland Cavaliers
98%
Steph Curry Golden State Warriors
98%
Kobe Bryant Los Angeles Lakers
98%
Giannis Antetokounmpo Milwaukee Bucks
98%
Bill Russell Boston Celtics
96%
Dirk Nowitzki Dallas Mavericks
96%
Dwayne Wade Miami Heat
96%
Russell Westbrook OKC Thunder
96%
Nikola Jokic Denver Nuggets
94%
Shaquille O'Neal Orlando Magic
94%
Steve Nash Phoenix Suns
94%
Damian Lillard Portland Trail Blazers
94%
Tim Duncan San Antonio Spurs
94%
Kevin Garnett Minnesota Timberwolves
92%
Julius Erving Philadelphia 76ers
92%
Reggie Miller Indiana Pacers
90%
Anthony Davis New Orleans Pelicans
90%
Kyle Lowry Toronto Raptors
90%
Hakeem Olajuwon Houston Rockets
88%
Patrick Ewing New York Knicks
88%
Isiah Thomas Detroit Pistons
86%
Chris Paul Los Angeles Clippers
86%
Marc Gasol Memphis Grizzlies
86%
Karl Malone Utah Jazz
86%
Jason Kidd Brooklyn Nets
82%
Kemba Walker Charlotte Hornets
82%
Oscar Robertson Sacramento Kings
78%
Dominique Wilkins Atlanta Hawks
76%
Wes Unseld Washington Wizards
76%
No matching quizzes found
Score Distribution
Percent of People with Each Score
Percentile by Number Answered
Your Score History
You have not taken this quiz